000 01052nam a2200253Ia 4500
003 OSt
005 20210114111034.0
008 191128s2011 ck gr 000 0 spa d
020 _a9789587160499
040 _aCO-JMCR
_cCO-JMCR
041 0 _aspa
_aeng
082 0 4 _a347.9861 /
_bA189a
_223
245 0 0 _aAcuerdo de promoción comercial Colombia-Estados Unidos :
_btratado de libre comercio /
250 _aPrimera edición
260 _aBogotá :
_bPontificia Universidad Javeriana,
_c2011
300 _alxxvi, 842 páginas ;
_c23 cm.
500 _aIncluye notas a pie de página.
505 0 _aCarta Ministerio de Comercio, Industria y Turismo -- TLC Colombia - Estados Unidos: un nuevo modelo de transparencia y participación del público en la constitución de la política exterior comercial de Colombia
546 _aTextos en español e inglés
650 1 4 _aTratado de libre comercio
_xaspectos jurídicos
_zColombia
_99076
650 1 4 _aComercio internacional
_94034
650 1 4 _aPolítica internacional
_99137
942 _2ddc
_cBK
999 _c3864
_d3864